| 000 | 00937nas a2200301 4500 | ||
|---|---|---|---|
| 001 | BR2013001080 | ||
| 003 | BR-BrBNA | ||
| 005 | 20231205121920.0 | ||
| 007 | ta | ||
| 008 | 230509b bl.|||p| |||| 00| 00por d | ||
| 040 |
_aBR-BrBNA _bpor _cBiblioteca Nacional de Agricultura |
||
| 041 | _a(Pt) | ||
| 072 | _aQ04 | ||
| 100 | 1 | _aVizziotto, M. | |
| 100 | 1 | _aRaseira, M. do C.B. | |
| 100 | 1 | _aPereira, M.C. | |
| 100 | 1 | _aFetter, M. da R. | |
| 245 | 1 | _aTeor de compostos fenólicos e atividade antioxidante em diferentes genótipos de amoreira-preta (Rubus sp.) | |
| 650 | _aAMORA PRETA | ||
| 650 | _aCOMPOSIÇÃO QUÍMICA | ||
| 650 | _aCOMPOSTO FENÓLICO | ||
| 650 | _aVARIEDADE | ||
| 650 | _aSELEÇÃO | ||
| 650 | _aGENÓTIPO | ||
| 773 | 0 |
_tRevista Brasileira de Fruticultura (Brazil) _xISSN 0100 2945 _g(Sep 2012), v. 34(3) p. 853-858 _wBR2013001080 |
|
| 909 |
_a202311 _bLúcia _c55 _dLúcia Elande |
||
| 942 |
_2AGRIS _n0 _cANA |
||
| 999 |
_c225919 _d225919 |
||